Представление документа в формате MARC21

ПолеНазваниеЗначение
  Тип записи a
  Библиографический уровень m
001 Контрольный номер BIBLIOCLUB\0000693672
005 Дата корректировки 20260430154848.2
006 m o d
007 Элементы данных для физической характеристики c|||||||||||||
008 Кодируемые данные s2021 rus o rus d
020 Индекс ISBN __
a ISBN 978-5-907335-55-4
041 Код языка издания 0_
a Код языка текста rus
084 Индекс другой классификации/Индекс ББК __
a Индекс другой классификации/Индекс ББК 60я73
b Номер единицы LBC/PL
2 Источник индекса rubbk
084 Индекс другой классификации/Индекс ББК __
a Индекс другой классификации/Индекс ББК 81.411.2-99я73
b Номер единицы LBC/PL
2 Источник индекса rubbk
100 Автор 1_
a Автор Грецкая Е. С.
245 Заглавие 10
a Заглавие Обществознание: учебное пособие для иностранных слушателей подготовительного отделения (гуманитарная направленность)
b Продолж. заглавия учебное пособие
c Ответственность Е. С. Грецкая
260 Выходные данные __
a Место издания Липецк
b Издательство Липецкий государственный педагогический университет им. П.П. Семенова-Тян-Шанского
c Дата издания 2021
300 Физическое описание __
a Объем 119 с.
b Иллюстрации/ тип воспроизводства ил., табл.
504 Библиография __
a Библиография Библиогр. в кн
653 Ключевые слова 1_
a Ключевые слова Учебник для высшей школы
856 Электронный адрес документа 40
3 Область применения данных поля Университетская библиотека ONLINE
u URL https://biblioclub.ru/index.php?page=book&id=693672
900 Электронные ресурсы __
a Имя электронного ресурса https://img.biblioclub.ru/sm_cover/2d09c6573380e97dc76e53b01869781b1ubpx44tgw/cover.jpg